<?xml version="1.0" encoding="UTF-8"?>
<record
    xmlns:xsi="http://www.w3.org/2001/XMLSchema-instance"
    xsi:schemaLocation="http://www.loc.gov/MARC21/slim http://www.loc.gov/standards/marcxml/schema/MARC21slim.xsd"
    xmlns="http://www.loc.gov/MARC21/slim">

  <leader>01463nam a22002657a 4500</leader>
  <controlfield tag="003">Uzh_bibl</controlfield>
  <controlfield tag="008">260408b        |||||||| |||| 00| 0 ukr d</controlfield>
  <datafield tag="020" ind1=" " ind2=" ">
    <subfield code="a">966-8670-27-2</subfield>
    <subfield code="c">130.00</subfield>
  </datafield>
  <datafield tag="040" ind1=" " ind2=" ">
    <subfield code="b">&#x443;&#x43A;&#x440;.</subfield>
  </datafield>
  <datafield tag="041" ind1=" " ind2=" ">
    <subfield code="2">ukr</subfield>
    <subfield code="a">ukr</subfield>
  </datafield>
  <datafield tag="080" ind1=" " ind2=" ">
    <subfield code="a">574(031)</subfield>
  </datafield>
  <datafield tag="090" ind1=" " ind2=" ">
    <subfield code="a">574(031)</subfield>
    <subfield code="b">&#x415; 64</subfield>
  </datafield>
  <datafield tag="100" ind1=" " ind2=" ">
    <subfield code="a">-</subfield>
  </datafield>
  <datafield tag="245" ind1=" " ind2=" ">
    <subfield code="a">&#x415;&#x43A;&#x43E;&#x43B;&#x43E;&#x433;&#x456;&#x447;&#x43D;&#x430; &#x435;&#x43D;&#x446;&#x438;&#x43A;&#x43B;&#x43E;&#x43F;&#x435;&#x434;&#x456;&#x44F;</subfield>
    <subfield code="c">&#x433;&#x43E;&#x43B;.&#x440;&#x435;&#x434;.&#x410;.&#x412;.&#x422;&#x43E;&#x43B;&#x441;&#x442;&#x43E;&#x443;&#x445;&#x43E;&#x432;</subfield>
    <subfield code="h">&#x422;&#x435;&#x43A;&#x441;&#x442;</subfield>
  </datafield>
  <datafield tag="260" ind1=" " ind2=" ">
    <subfield code="a">&#x41A;&#x438;&#x457;&#x432; </subfield>
    <subfield code="b">"&#x426;&#x435;&#x43D;&#x442;&#x440; &#x435;&#x43A;&#x43E;&#x43B;&#x43E;&#x433;&#x456;&#x447;&#x43D;&#x43E;&#x457; &#x43E;&#x441;&#x432;&#x456;&#x442;&#x438; &#x442;&#x430; &#x456;&#x43D;&#x444;&#x43E;&#x440;&#x43C;&#x430;&#x446;&#x456;&#x457;" </subfield>
    <subfield code="c">2007</subfield>
  </datafield>
  <datafield tag="300" ind1=" " ind2=" ">
    <subfield code="a">416 &#x441;. </subfield>
    <subfield code="b">&#x456;&#x43B;. </subfield>
    <subfield code="f">&#x412; &#x43E;&#x43F;&#x440;.</subfield>
  </datafield>
  <datafield tag="490" ind1=" " ind2=" ">
    <subfield code="a">&#x412;&#x441;&#x435;&#x443;&#x43A;&#x440;&#x430;&#x457;&#x43D;&#x441;&#x44C;&#x43A;&#x430; &#x435;&#x43A;&#x43E;&#x43B;&#x43E;&#x433;&#x456;&#x447;&#x43D;&#x430; &#x43B;&#x456;&#x433;&#x430;</subfield>
    <subfield code="v">&#x422;&#x43E;&#x43C; 2</subfield>
  </datafield>
  <datafield tag="520" ind1=" " ind2=" ">
    <subfield code="a">&#x422;&#x440;&#x438;&#x442;&#x43E;&#x43C;&#x43D;&#x435; &#x43D;&#x430;&#x443;&#x43A;&#x43E;&#x432;&#x43E;-&#x434;&#x43E;&#x432;&#x456;&#x434;&#x43A;&#x43E;&#x432;&#x435; &#x432;&#x438;&#x434;&#x430;&#x43D;&#x43D;&#x44F;, &#x432; &#x44F;&#x43A;&#x43E;&#x43C;&#x443; &#x43D;&#x430; &#x43E;&#x441;&#x43D;&#x43E;&#x432;&#x456; &#x443;&#x437;&#x430;&#x433;&#x430;&#x43B;&#x44C;&#x43D;&#x435;&#x43D;&#x43D;&#x44F; &#x441;&#x432;&#x456;&#x442;&#x43E;&#x432;&#x43E;&#x433;&#x43E; &#x442;&#x430; &#x43D;&#x430;&#x446;&#x456;&#x43E;&#x43D;&#x430;&#x43B;&#x44C;&#x43D;&#x43E;&#x433;&#x43E; &#x434;&#x43E;&#x441;&#x432;&#x456;&#x434;&#x443; &#x43D;&#x430;&#x432;&#x435;&#x434;&#x435;&#x43D;&#x43E; &#x456;&#x43D;&#x444;&#x43E;&#x440;&#x43C;&#x430;&#x446;&#x456;&#x44E; &#x43F;&#x440;&#x43E; &#x442;&#x435;&#x43E;&#x440;&#x435;&#x442;&#x438;&#x447;&#x43D;&#x456; &#x442;&#x430; &#x43F;&#x440;&#x438;&#x43A;&#x43B;&#x430;&#x434;&#x43D;&#x456; &#x430;&#x441;&#x43F;&#x435;&#x43A;&#x442;&#x438; &#x435;&#x43A;&#x43E;&#x43B;&#x43E;&#x433;&#x456;&#x457;. &#x423; 3 &#x442;&#x43E;&#x43C;&#x456; &#x432;&#x43C;&#x456;&#x449;&#x435;&#x43D;&#x43E; &#x43F;&#x43E;&#x43D;&#x430;&#x434; 1300 &#x441;&#x442;&#x430;&#x442;&#x435;&#x439;, 32 &#x43A;&#x43E;&#x43B;&#x44C;&#x43E;&#x440;&#x43E;&#x432;&#x456; &#x43A;&#x430;&#x440;&#x442;&#x438;, 199 &#x43A;&#x43E;&#x43B;&#x44C;&#x43E;&#x440;&#x43E;&#x432;&#x438;&#x445; &#x444;&#x43E;&#x442;&#x43E;, 104 &#x441;&#x445;&#x435;&#x43C;&#x438; &#x442;&#x430; &#x440;&#x438;&#x441;&#x443;&#x43D;&#x43A;&#x438;, 41 &#x442;&#x430;&#x431;&#x43B;&#x438;&#x446;&#x44E;</subfield>
  </datafield>
  <datafield tag="521" ind1=" " ind2=" ">
    <subfield code="a">&#x414;&#x43B;&#x44F; &#x448;&#x438;&#x440;&#x43E;&#x43A;&#x43E;&#x433;&#x43E; &#x43A;&#x43E;&#x43B;&#x430; &#x447;&#x438;&#x442;&#x430;&#x447;&#x456;&#x432;</subfield>
  </datafield>
  <datafield tag="546" ind1=" " ind2=" ">
    <subfield code="a">&#x443;&#x43A;&#x440;.</subfield>
  </datafield>
  <datafield tag="650" ind1=" " ind2=" ">
    <subfield code="a">&#x414;&#x43E;&#x432;&#x456;&#x434;&#x43A;&#x43E;&#x432;&#x435; &#x432;&#x438;&#x434;&#x430;&#x43D;&#x43D;&#x44F;</subfield>
  </datafield>
  <datafield tag="653" ind1=" " ind2=" ">
    <subfield code="a">&#x415;&#x43A;&#x43E;&#x43B;&#x43E;&#x433;&#x456;&#x44F; </subfield>
    <subfield code="a">&#x415;&#x43A;&#x43E;&#x43B;&#x43E;&#x433;&#x456;&#x447;&#x43D;&#x438;&#x439; &#x43A;&#x43E;&#x43D;&#x442;&#x440;&#x43E;&#x43B;&#x44C;</subfield>
  </datafield>
  <datafield tag="655" ind1=" " ind2=" ">
    <subfield code="a">&#x415;&#x43D;&#x446;&#x438;&#x43A;&#x43B;&#x43E;&#x43F;&#x435;&#x434;&#x438;&#x447;&#x43D;&#x435; &#x432;&#x438;&#x434;&#x430;&#x43D;&#x43D;&#x44F; </subfield>
    <subfield code="v">&#x423; 3 &#x442;.</subfield>
  </datafield>
  <datafield tag="942" ind1=" " ind2=" ">
    <subfield code="2">udc</subfield>
    <subfield code="c">BK</subfield>
  </datafield>
  <datafield tag="999" ind1=" " ind2=" ">
    <subfield code="c">17282</subfield>
    <subfield code="d">17282</subfield>
  </datafield>
  <datafield tag="952" ind1=" " ind2=" ">
    <subfield code="0">0</subfield>
    <subfield code="1">0</subfield>
    <subfield code="2">udc</subfield>
    <subfield code="4">0</subfield>
    <subfield code="7">0</subfield>
    <subfield code="a">F2</subfield>
    <subfield code="b">F2</subfield>
    <subfield code="c">ABP</subfield>
    <subfield code="d">2026-04-08</subfield>
    <subfield code="i">56912</subfield>
    <subfield code="l">0</subfield>
    <subfield code="o">502</subfield>
    <subfield code="p">19602</subfield>
    <subfield code="r">2026-04-08</subfield>
    <subfield code="w">2026-04-08</subfield>
    <subfield code="y">BK</subfield>
  </datafield>
</record>
